| 000 | 01290nam a2200337 i 4500 | ||
|---|---|---|---|
| 001 | 16071 | ||
| 003 | ES-MaACL | ||
| 005 | 20250730153542.0 | ||
| 007 | t| | ||
| 008 | 000621s1995 sp ||||1| spa d | ||
| 020 | _a84-920640-0-5 | ||
| 080 | _a946.0"1517/56" | ||
| 080 | _a929 Carlos (460)I | ||
| 080 | _a929 Felipe (460)II | ||
| 080 | _a946.0"1556/98" | ||
| 080 | _a980.3"15" | ||
| 080 | _a342.7(=97/=98) | ||
| 100 | 1 |
_aSepúlveda, Juan Ginés de. _9105502 |
|
| 245 | 1 | 0 |
_aObras completas / _cJuan Ginés de Sepúlveda. |
| 260 |
_aPozoblanco : _bAyuntamiento, _c1995-98. |
||
| 300 |
_a4 v. ; _c25 cm. |
||
| 500 | _aTexto en latín y español. | ||
| 505 | 8 | _aI. Historia de Carlos V, libros I-V-- II. Historia de Carlos V, libros VI-X-- III. Demócrates segundo. Apología en favor del libro sobre las justas causas de la guerra-- IV. Historia de Felipe II | |
| 650 | 1 | 4 |
_aIndios de América- _xTrato recibido _913674 |
| 651 | 4 |
_aEspaña- _xHistoria- _y1516-1556, Carlos I. _98224 |
|
| 651 | 4 |
_aEspaña- _xHistoria- _y1556-1598, Felipe II. _98218 |
|
| 651 | 4 |
_aAmérica española- _xHistoria- _y1492-1600 (Descubrimiento y conquista) _97724 |
|
| 710 | 1 |
_aPozoblanco. _bAyuntamiento. _96251 |
|
| 852 |
_aES-MaACL _jL-23256-59 _bR.128364 |
||
| 999 |
_c16071 _d16071 |
||